00253nam a2200097Ia 4500008004100000100001900041245004900060260003000109300000800139650000800147191201s2009 xx 000 0 und d aKUMAR, Neelesh 0aInternational Financial Management MBA SEM-4 aN. DelhibVikas Pubc2009 a348 aMBA